Responses for Show #4295 - Friday, April 11, 2003

Brian Weikle game 2.

Contestants

[<< previous game]

Ross Winnick, a mechanical engineer from San Diego, California

Marianne Matte, a freelance graphic designer from Steep Falls, Maine

Brian Weikle, a project manager from Minneapolis, Minnesota (whose 1-day cash winnings total $21,400)

[next game >>]

Jeopardy! Round responses

FAMOUS PAIRS
COLLEGE TEAM NICKNAMES
BEAGLEMANIA
WAXING NOSTALGIC
GERMAN HODGEPODGE
A "SHORT" CATEGORY
    $200 11
the Wright Brothers

Brian
    $200 1
Panthers

Brian
    $200 20
smell

Ross
    $200 26
Madame Tussaud's

Ross
    $200 12
Berlin

Triple Stumper
    $200 6
a shortcut

Marianne
    $400 15
Ben & Jerry

Brian
    $400 2
(Ross: What are Trojans?)

Spartans

BrianRoss
    $400 22
the Department of Agriculture

Brian
    $400 27
Salem (Massachusetts)

Brian
    $400 13
Marlene Dietrich

Brian
    $400 7
shortstop

Ross
    $600 17
Roy Rogers & Dale Evans

Brian
    $600 3
Boilermakers

Ross
    $600 23
Snoopy

Brian
    $600 28
San Francisco

Brian
    $600 14
Frankfurt

Ross
    $600 8
shortbread

Brian
    $800 19
(Marianne: Who are Burns & Allen?)
[Laughter]

Punch & Judy

Marianne
    $800 4
Badgers

Ross
    $800 24
(Alex: [*], yes. You don't wanna do that.)

his ears

Marianne
    $800 29
New Orleans

Brian
    $800 16
Rathskeller

Ross
    $800 9
a short circuit

Ross
    $1000 21
Gilbert & Sullivan

Brian
    $1000 5
the Alabama Crimson Tide

Brian
    $1000 25
tan

Brian
    $1000 30
Dublin

Brian
    $1000 18
Max Schmeling

Marianne
    $1000 10
your short game

Ross

Scores at the first commercial break (after clue 17):

Brian Marianne Ross
$3,800 $200 $4,600

Scores at the end of the Jeopardy! Round:

Brian Marianne Ross
$9,600 $1,200 $5,000

Double Jeopardy! Round responses

FAMOUS PEARS
(Alex: Notice the spelling this time.)
1562
GOVERNMENT WORK
A VERY BIZET MAN
'60s LYRICS
ANAGRAMS
    $400 4
the Bartlett pear

Brian
    $400 2
Venice

Brian
    $400 21
(Marianne: What is the GAO?)

the civil service

Marianne
Triple Stumper
    $400 26
Carmen

Brian
    $400 7
Mrs. Robinson

Ross
    $400 1
a stain (satin)

Brian
    $800 17
(Brian: What's the agave?)

a prickly pear

BrianMarianne
    $800 3
(Alex: [*], tsunami, yes.)

a tidal wave

Marianne
    $800 22
a city council

Brian
    $800 27
Ivan (the Terrible)

Marianne
    $800 8
the dock of the bay

Brian
    $800 13
a mango (among)

Brian
    $1200 18
Anjou

Brian
    $1200 5
Turin

Brian
    $1200 23
Member of Parliament and Prime Minister

Brian
    $1200 28
(Brian: What's the Foreign Legion?)
...
(Alex: Chevalier is [*], not the Foreign Legion. He didn't serve in North Africa or elsewhere.)

the Legion of Honor

Brian
Triple Stumper
    $1200 10
"Up, Up And Away"

Brian
    $1200 14
stout (touts)

Brian
    $1600 19
(Alex: Sorry, Marianne. Not quickly enough.)

the Asian pear

Triple Stumper
    $1600 6
Teresa

Marianne
    $1600 24
Chancellor

Ross
    $1600 29
the Franco-Prussian War

Brian
    $1600 11
"Downtown"

Brian
    $1600 15
a canoe (ocean)

Brian
    $2000 20
(Alex: This should be in a "Q" category. It was [*].)

a quince

Triple Stumper
    $2,000 9
(Gabriele) Fallopius

Brian
    $2,000 25
(Alex: Long way to go.)
(Ross: Yeah, that's for sure.)
...
(Ross: What is [*]?
(Alex: Yes!)
[Ross shakes his head, surprised]
(Ross: Okay. [laughs])
(Alex: You'll take it?)
(Ross: I'll take it.)

a viceroy

Ross
    $2000 30
(Brian: Who is Goethe?)

Gounod

Brian
Triple Stumper
    $2000 12
a carpenter

Brian
    $2000 16
vile (evil)

Brian

Scores at the end of the Double Jeopardy! Round:

Brian Marianne Ross
$26,400 $4,800 $9,000
(lock game)

[wagering suggestions for these scores]

Final Jeopardy! Round responses

AFRICAN COUNTRIES
(Alex: If you wrote down "South Africa", you're going to be wrong, I'll warn you now.)
MarianneWhat are ?
$4,200
RossWhat are Chad & Mali
$4,000
BrianWhat are Chad and Mali?
$5,000
(2 of) Chad, Mali, & Togo

Final scores:

Brian Marianne Ross
$31,400 $600 $13,000
2-day champion: $52,800 3rd place: $1,000 2nd place: $2,000

Game dynamics:

Coryat scores:

Brian Marianne Ross
$26,400 $5,600 $9,000
34 R
(including 1 DD),
3 W
7 R,
2 W
(including 1 DD)
12 R
(including 1 DD),
1 W

Combined Coryat: $41,000

[game clues] [game scores] [suggest correction]

Game tape date: 2002-12-11
The J! Archive is created by fans, for fans. Scraping, republication, monetization, and malicious use prohibited; this site may use cookies and collect identifying information. See terms. The Jeopardy! game show and all elements thereof, including but not limited to copyright and trademark thereto, are the property of Jeopardy Productions, Inc. and are protected under law. This website is not affiliated with, sponsored by, or operated by Jeopardy Productions, Inc. Join the discussion at JBoard.tv.